00989nam a22002533a 450000500170000000800410001701000140005802000260007203500130009803700150011104000180012608200160014424501000016026000300026027000800029030000290037065000420039965000540044165000250049570000190052094200300053999900170056995201490058620051014160153.0050725t20052003nyu 000 1 eng d aENG-92055 a9788189975821c275.00 aEN-75588 bDBAD / PUB adplbEnglish  a158.1280835 aChicken soup for the teen soul:cby Jack Canfield...[et al] breal-life stories by real teens / aNew DelhibWestlandc2008 aF-5, Okhla Industrial Area, Phase - I, Mezzanine Floor,bNew Delhi e110020 axxi, 321p. c21 cm (pbk) aTeenagersxConduct of lifexAnecdotes aInterpersonal relations in adolescencexAnecdotes aTeenagersvBiography aCanfield, Jack 2ddccENmCHIh158.1280835 c19561d19561 00102ddc40718NFICaDBADbDBADd2008-12-08eDBAD / PUBg275.00l0o158.1280835 CHIpEN-75588r2008-12-08 00:00:00t1v275.00w2008-12-08yEN